Tamil̲p periyārkaḷ. (Record no. 76593)

MARC details
000 -LEADER
fixed length control field 00581cam a22002411 4500
001 - CONTROL NUMBER
control field sa 67007437
003 - CONTROL NUMBER IDENTIFIER
control field DLC
005 - DATE AND TIME OF LATEST TRANSACTION
control field 20260227112416.0
008 - FIXED-LENGTH DATA ELEMENTS--GENERAL INFORMATION
fixed length control field 950308s1964 ii 000 0 tamo
010 ## - LIBRARY OF CONGRESS CONTROL NUMBER
LC control number sa 67007437
025 ## - OVERSEAS ACQUISITION NUMBER
Overseas acquisition number PL480:I-T-1762
035 ## - SYSTEM CONTROL NUMBER
System control number (OCoLC)32111052
040 ## - CATALOGING SOURCE
Original cataloging agency DLC
Transcribing agency CU
Modifying agency CU
-- DLC
042 ## - AUTHENTICATION CODE
Authentication code premarc
050 00 - LIBRARY OF CONGRESS CALL NUMBER
Classification number CT1507.M3
Item number R3
100 0# - MAIN ENTRY--PERSONAL NAME
Personal name Va. Rā.,
Dates associated with a name 1889-1951.
245 10 - TITLE STATEMENT
Title Tamil̲p periyārkaḷ.
260 ## - PUBLICATION, DISTRIBUTION, ETC.
Date of publication, distribution, etc. [1964]
300 ## - PHYSICAL DESCRIPTION
Extent 112 p.
Dimensions 18 cm.
500 ## - GENERAL NOTE
General note In Tamil.
651 #0 - SUBJECT ADDED ENTRY--GEOGRAPHIC NAME
Geographic name Chennai (India)
Form subdivision Biography.
700 0# - ADDED ENTRY--PERSONAL NAME
Personal name V. R.

No items available.

Powered by Koha